HOSPITAL ADMINISTRATION (Record no. 10549)

MARC details
000 -LEADER
fixed length control field 00343nam a22001577a 4500
003 - CONTROL NUMBER IDENTIFIER
control field SGT
020 ## - INTERNATIONAL STANDARD BOOK NUMBER
International Standard Book Number 81-7179-721-0
082 ## - DEWEY DECIMAL CLASSIFICATION NUMBER
Classification number 610.6
Item number N04F
100 ## - MAIN ENTRY--PERSONAL NAME
Personal name FRANCIS, CM
245 ## - TITLE STATEMENT
Title HOSPITAL ADMINISTRATION
250 ## - EDITION STATEMENT
Edition statement 3RD
260 ## - PUBLICATION, DISTRIBUTION, ETC. (IMPRINT)
Place of publication, distribution, etc INDIA
Name of publisher, distributor, etc JAYPEE
Year of Publication 2004
300 ## - PAGE DESCRIPTION
No. of Pages 381
650 ## - SUBJECT ADDED ENTRY--TOPICAL TERM
Topical term or geographic name as entry element HOSPITAL ADMINISTRATION
942 ## - ADDED ENTRY ELEMENTS (KOHA)
Source of classification or shelving scheme Dewey Decimal Classification
Koha item type Books
942 ## - ADDED ENTRY ELEMENTS (KOHA)
-- 5
Holdings
Withdrawn status Lost status Source of classification or shelving scheme Damaged status Not for loan Collection code Home library Current library Shelving location Date acquired Vendor Name Cost, normal purchase price SGTU Bill Number Total Checkouts Full call number Accession No. (Barcode) Date last seen Date last borrowed Bill Date Koha item type
    Dewey Decimal Classification     MEDICAL SGT Medical Library SGT Medical Library Text Book 20/01/2017 ABC 350.00 SGTU 6640 1 610.6 N04F FM7895 01/05/2017 01/05/2017 04/01/2016 Books
    Dewey Decimal Classification     MEDICAL SGT Medical Library SGT Medical Library Text Book 20/01/2017 ABC 350.00 SGTU 6640   610.6 N04F FM7896 30/11/2017   04/01/2016 Books
    Dewey Decimal Classification     MEDICAL SGT Medical Library SGT Medical Library Text Book 20/01/2017 ABC 350.00 SGTU 6640   610.6 N04F FM7897 20/01/2017   04/01/2016 Books
    Dewey Decimal Classification     MEDICAL SGT Medical Library SGT Medical Library Text Book 20/01/2017 ABC 350.00 SGTU 6640   610.6 N04F FM7898 20/01/2017   04/01/2016 Books
    Dewey Decimal Classification     MEDICAL SGT Medical Library SGT Medical Library Text Book 20/01/2017 ABC 350.00 SGTU 6640 5 610.6 N04F FM7899 19/12/2024 09/12/2024 04/01/2016 Books